<?xml version="1.0" encoding="UTF-8"?><?xml-stylesheet type="text/xsl" href="static/style.xsl"?><OAI-PMH xmlns="http://www.openarchives.org/OAI/2.0/" xmlns:xsi="http://www.w3.org/2001/XMLSchema-instance" xsi:schemaLocation="http://www.openarchives.org/OAI/2.0/ http://www.openarchives.org/OAI/2.0/OAI-PMH.xsd"><responseDate>2026-04-17T19:04:49Z</responseDate><request verb="GetRecord" identifier="oai:www.recercat.cat:2117/448798" metadataPrefix="marc">https://recercat.cat/oai/request</request><GetRecord><record><header><identifier>oai:recercat.cat:2117/448798</identifier><datestamp>2025-12-11T21:19:15Z</datestamp><setSpec>com_2072_1033</setSpec><setSpec>col_2072_452951</setSpec></header><metadata><record xmlns="http://www.loc.gov/MARC21/slim" xmlns:dcterms="http://purl.org/dc/terms/" xmlns:xsi="http://www.w3.org/2001/XMLSchema-instance" xmlns:doc="http://www.lyncode.com/xoai" xsi:schemaLocation="http://www.loc.gov/MARC21/slim http://www.loc.gov/standards/marcxml/schema/MARC21slim.xsd">
   <leader>00925njm 22002777a 4500</leader>
   <datafield ind2=" " ind1=" " tag="042">
      <subfield code="a">dc</subfield>
   </datafield>
   <datafield ind2=" " ind1=" " tag="720">
      <subfield code="a">Cortés Pelaó, Albert</subfield>
      <subfield code="e">author</subfield>
   </datafield>
   <datafield ind2=" " ind1=" " tag="260">
      <subfield code="c">2025-06-30</subfield>
   </datafield>
   <datafield ind2=" " ind1=" " tag="520">
      <subfield code="a">El treball sorgeix d'una inquietud pel comportament de les estructures davant els fenòmens sísmics, i més concretament, de com la geometria d'un edifici pot condicionar-ne la resposta estructural. Partint d'aquesta pregunta, s'inicia una anàlisi teòrica i normativa que es complementa amb una part més pràctica que parteix d'un edifici objecte d'estudi. L'objectiu és identificar com les variacions en alçada, amplada i simetria poden influir en la seva vulnerabilitat sísmica. El treball conclou amb l'exploració de diverses estratègies de reforç estructural per millorar el comportament d'edificis sotmesos a càrregues sísmiques.</subfield>
   </datafield>
   <datafield ind1="8" ind2=" " tag="024">
      <subfield code="a">http://hdl.handle.net/2117/448798</subfield>
   </datafield>
   <datafield tag="653" ind2=" " ind1=" ">
      <subfield code="a">Àrees temàtiques de la UPC::Arquitectura::Tipologies d'edificis</subfield>
   </datafield>
   <datafield tag="653" ind2=" " ind1=" ">
      <subfield code="a">Earthquake resistant design</subfield>
   </datafield>
   <datafield tag="653" ind2=" " ind1=" ">
      <subfield code="a">Disseny antisísmic</subfield>
   </datafield>
   <datafield ind2="0" ind1="0" tag="245">
      <subfield code="a">Estructures antisísmiques : tècniques i dissenys per mitigar l'impacte dels terratrèmols</subfield>
   </datafield>
</record></metadata></record></GetRecord></OAI-PMH>